Zber a spracovanie hrozna

Podrobná bibliografia
Hlavný autor: Záruba, P. (Autor)
Médium: Článok
Jazyk:slovenčina
Fyzický popis:Obr. 3.
Predmet:

MARC

LEADER 00000nab a2200000 a 4500
001 vtls000433113
003 SK-MaSNL
005 20260302233745.0
008 120925c1991 xo 0 slo
015 |a SNBRB19rr/mm-uuuuu 
035 |a CL0433241 
040 |a SNKBUCL  |b slo  |c SNKBUCL  |e AACR2 
041 0 |a slo 
044 |a xo  |c SK 
080 |a 634.8  |2 1981 
100 1 |a Záruba, P.  |4 aut  |9 929406 
245 1 0 |a Zber a spracovanie hrozna  |c P. Záruba 
300 |b Obr. 3. 
650 0 7 |a vinič hroznorodý  |2 snkbucl  |9 15944 
655 7 |a články z novín a časopisov  |2 snkbucl  |9 267496 
773 0 |t Záhradkár  |g Roč. 27, č. 8 (1991), s. 172 
850 |a Slovenská národná knižnica v Martine  |a MTA001 
852 |a SNK  |b KIS3GCP 
958 |a RK 
992 |a RBX 
999 |c 1547701  |d 1549631